Slovenské ľudové rozprávky s pracovnými listami pre druhákov

Bibliographic Details
Main Author: Krušinská, Anna (Author)
Format: Software eBook
Language:Slovak
Romani
PhysicalDescription:1 elektronický optický disk (CD-ROM) fareb. 12 cm
Published: Bratislava Metodicko-pedagogické centrum 2014
ISBN:9788056512166
Subjects:

MARC

LEADER 00000nam a2200000 a 4500
001 vtls011545036
003 SK-MaSNL
005 20260301101029.0
007 co cg auuua
008 240318s2014 xo | bsp 000 0 slo
015 |a SNBS2017 
020 |a 9788056512166  |q (elektronická kniha) 
040 |a SNK  |b slo  |c SNK  |e AACR2 
041 0 |a slo  |a rom 
044 |a xo  |c SK 
072 7 |a 821.162.4.09  |x Slovenská literatúra (o nej)  |2 konspekt 
080 |a 821.162.4-34  |2 2011 
080 |a (075.2)  |2 2011 
080 |a (076.1)  |2 2011 
080 |a (0.034.44)  |2 2011 
100 1 |a Krušinská, Anna  |4 aut  |9 434702 
245 1 0 |a Slovenské ľudové rozprávky s pracovnými listami pre druhákov  |h elektronický zdroj  |c Anna Krušinská 
246 3 1 |a Slovaťika paramisa le buťakere ľilenca perdal e dujto klasa 
260 |a Bratislava  |b Metodicko-pedagogické centrum  |c 2014 
300 |a 1 elektronický optický disk (CD-ROM)  |b fareb.  |c 12 cm 
500 |a Názov z titulnej obrazovky 
516 |a Textový dokument (učebnica), súbor vo formáte doc 
536 |a Kód ITMS: 26130130051. Vzdelávaním pedagogických zamestnancov k inklúzii marginalizovaných rómskych komunít 
538 |a Technické požiadavky: textový procesor 
546 |a Text súbež. v róm. 
650 0 7 |a slovenské rozprávky  |2 SNKPH  |9 85369 
650 0 7 |a Slovak fairy tales  |2 SNKPHeng  |9 276388 
655 7 |a elektronické zdroje  |2 SNKPH  |9 90954 
655 7 |a CD-ROM  |2 SNKPH  |9 70236 
655 7 |a učebnice základných škôl  |2 SNKPH  |9 70187 
655 7 |a pracovné listy  |2 SNKPH  |9 70565 
655 7 |a Electronic resources  |2 SNKPHeng  |9 175546 
655 7 |a Textbooks (elementary)  |2 SNKPHeng  |9 276977 
655 7 |a Activity pages  |2 SNKPHeng  |9 303110 
919 |a 978-80-565-1216-6 
958 |a RQ 
958 |a NM 
999 |c 688024  |d 689954 
952 |a SNK  |b SNK  |y PREZ  |7 0  |p 17A1184575  |o snkSCDM 8419  |i snk2016/9386  |8 0  |0 0  |1 0  |4 0  |d 2016-04-13  |l 0  |r 2026-02-23 20:18:01  |w 2026-02-23